A tárlat a szegedi nyár integráns része
Elmentve itt :
| Szerző: | |
|---|---|
| Dokumentumtípus: | Cikk |
| Megjelent: |
1979-07-29
|
| Sorozat: | Délmagyarország
69 No. 176 |
| Kulcsszavak: | képzőművészet |
| Online Access: | http://dmarchiv.bibl.u-szeged.hu/122154 |
| LEADER | 00463nab a2200157 i 4500 | ||
|---|---|---|---|
| 001 | delm122154 | ||
| 005 | 20190523103805.0 | ||
| 008 | 190523s1979 hu o 0|| hun d | ||
| 040 | |a SZTE Délmagyarország Archívum |b hun | ||
| 041 | |a hun | ||
| 100 | 1 | |a Tóth Dezső | |
| 245 | 1 | 2 | |a A tárlat a szegedi nyár integráns része |h [elektronikus dokumentum] / |c Tóth Dezső |
| 260 | |c 1979-07-29 | ||
| 300 | |a 6 | ||
| 490 | 0 | |a Délmagyarország |v 69 No. 176 | |
| 695 | |a képzőművészet | ||